KELOĞLAN (Record no. 1215199)

MARC details
000 -LEADER
sabit uzunluktaki kontrol alanı 00242nam a2200097Ia 4500
001 - KONTROL NUMARASI
kontrol alanı 1215199
005 - EN SON İŞLEMİN TARİH VE ZAMANI
kontrol alanı 20250827024546.0
008 - SABİT-UZUNLUKTA VERİ ÖĞELERİ--GENEL BİLGİ
sabit uzunluktaki kontrol alanı 250824s9999 xx 000 0 und d
245 #0 - ESER / YAZAR
ESER ADI KELOĞLAN
Yazar Adı CANSU ONURLUER
260 ## - YAYIN, DAĞITIM, VB.
YAYIN EVİ MODEL ÇOCUK YAYINEVİ
Holdings
Düşüm durumu Kayıp durumu Hasar Durumu Ödünç verilmez Ana kütüphane Geçerli Kütüphane Edinilen tarih Toplam ödünç verme sayısı Barkod Son görüntüleme tarihi Son ödünç verme tarihi Fiyatın geçerli olmaya başladığı tarih Koha materyal türü
        TOKİ İLKOKULU TOKİ İLKOKULU 24.08.2025 1 10747090 13.04.2026 13.04.2026 27.08.2025 Books